000 01050nam a2200229 a 4500
008 120416s1976 ||||||||||||||||| || u
020 _a0256018782
050 _aKB 144.C6 Don
100 _aDonaldson, James H., 1906-
245 1 0 _aCasualty claim practice
250 _a3rd.ed
260 _aHomewood, Ill
_bRichard D. Irwin
_c1976
300 _axxiii, 968 p. : ill.
350 _a0.00
490 _aIrwin series in insurance and economic security
500 _aIncludes indexes.
650 _aLAW
650 _aCASUALTY INSURANCE CLAIMS--UNITED STATES
995 _aANNEX COLLECTION (Main Library)
_D0.00
_e710876
_FCBU-MAIN LIBRARY (Kitwe)
_H2
_I15.50
_jKB 144.C6 Don
_M3
_UAVAILABLE
_y009037
_ZAnnex Low-Usage Collection
995 _aANNEX COLLECTION (Main Library)
_D0.00
_e711372
_FCBU-MAIN LIBRARY (Kitwe)
_H1
_I15.50
_jKB 144.C6 Don
_M2
_UAVAILABLE
_y009036
_ZAnnex Low-Usage Collection
995 _aANNEX COLLECTION (Main Library)
_D0.00
_e713361
_FCBU-MAIN LIBRARY (Kitwe)
_H3
_I15.50
_jKB 144.C6 Don
_M1
_UAVAILABLE
_y009035
_ZAnnex Low-Usage Collection
999 _c78089
_d78089